000 00376 a2200145 4500
001 170429
020 _a
040 _cMagnum
100 _aInstituto Nacional de Estudos e Pesquisas Educa...
240 1 0 _aSinopse estatistica da educacao basica - 1998
_lpor
245 1 0 _aSinopse estatistica da educacao basica - 1998
362 0 _a1899
697 _aENSINO
942 _cBK
999 _c170429
_d170429